[Event "ECCC 2013"]
[Site "Rhodes"]
[Date "2013.10.25"]
[Round "6"]
[White "Christensen, Stefan"]
[Black "Dorrington, Chris J"]
[Result "1/2-1/2"]
[WhiteElo "2278"]
[BlackElo "2313"]
[PlyCount "105"]
[EventDate "2013.10.20"]
[EventType "team"]
[EventRounds "7"]
[EventCountry "GRE"]
[WhiteTeam "Jetsmark"]
[BlackTeam "Barbican 4NCL"]

1. e4 Nf6 2. e5 Nd5 3. d4 d6 4. c4 Nb6 5. exd6 cxd6 6. Nc3 g6 7. Be3 Bg7 8. Rc1
Nc6 9. b3 O-O 10. Nf3 Bg4 11. Be2 d5 12. c5 Nc8 13. O-O e6 14. Ne5 Nxe5 15.
Bxg4 Nc6 16. Ne2 f5 17. Bh3 g5 18. g3 Qf6 19. Qd2 h6 20. b4 a6 21. f3 N8e7 22.
Rb1 Rfb8 23. b5 axb5 24. Rxb5 Ra4 25. Rfb1 Rba8 26. Rxb7 Rxa2 27. Qd1 R8a3 28.
R7b3 Rxb3 29. Rxb3 Qf8 30. Nc3 Ra5 31. Nb5 Ra4 32. Bf2 Qa8 33. Qe2 Nd8 34. Nc7
Qc6 35. Nb5 Qa8 36. Nc7 Qc6 37. Nb5 Qa6 38. Bf1 Nec6 39. Qd1 Qa5 40. Rb1 Ra2
41. Qd3 Ra1 42. Rxa1 Qxa1 43. g4 Ne7 44. gxf5 Nxf5 45. Nd6 Nxd6 46. cxd6 Qa4
47. Qg6 Qd7 48. Bd3 Qf7 49. Qh7+ Kf8 50. Kg2 Qg8 51. Qg6 Qf7 52. Qh7 Qg8 53.
Qg6 1/2-1/2

[Event "ECCC 2013"]
[Site "Rhodes"]
[Date "2013.10.25"]
[Round "6"]
[White "Regan, Natasha K"]
[Black "Rathlev, Jakob"]
[Result "1/2-1/2"]
[WhiteElo "2081"]
[BlackElo "2250"]
[PlyCount "96"]
[EventDate "2013.10.20"]
[EventType "team"]
[EventRounds "7"]
[EventCountry "GRE"]
[WhiteTeam "Barbican 4NCL"]
[BlackTeam "Jetsmark"]

1. Nf3 c5 2. g3 b6 3. Bg2 Bb7 4. d3 g6 5. e4 Bg7 6. Nc3 Nc6 7. O-O Nd4 8. Nxd4
cxd4 9. Ne2 e6 10. c3 dxc3 11. bxc3 Ne7 12. Be3 d5 13. exd5 Nxd5 14. Qa4+ Qd7
15. Qxd7+ Kxd7 16. Rac1 Ba6 17. c4 Nxe3 18. fxe3 Raf8 19. c5 Bh6 20. Kf2 bxc5
21. Rxc5 Rb8 22. Rc6 Bb5 23. Rc3 Rhc8 24. Rb3 Ba6 25. Rfb1 Rxb3 26. Rxb3 Bf8
27. Bb7 Bxb7 28. Rxb7+ Rc7 29. Rxc7+ Kxc7 30. g4 Kc6 31. g5 Be7 32. h4 f6 33.
gxf6 Bxf6 34. h5 Kb5 35. hxg6 hxg6 36. Nf4 Ka4 37. Nxe6 Ka3 38. d4 Kxa2 39. e4
Kb3 40. e5 Bh8 41. Nf4 Kc4 42. Nxg6 Bg7 43. Ke3 a5 44. d5 Kxd5 45. Kd3 Ke6 46.
Kc4 Kf5 47. Kb5 Kxg6 48. Kxa5 Bxe5 1/2-1/2

[Event "ECCC 2013"]
[Site "Rhodes"]
[Date "2013.10.25"]
[Round "6"]
[White "Karttunen, Mika"]
[Black "Stefansson, Hannes"]
[Result "0-1"]
[WhiteElo "2445"]
[BlackElo "2521"]
[PlyCount "118"]
[EventDate "2013.10.20"]
[EventType "team"]
[EventRounds "7"]
[EventCountry "GRE"]
[WhiteTeam "Tammer-Shakki"]
[BlackTeam "Viking Chess Club"]

1. e4 e5 2. Nf3 Nc6 3. Bc4 Bc5 4. c3 Nf6 5. d3 O-O 6. Bg5 h6 7. Bh4 Be7 8. Nbd2
d6 9. O-O Na5 10. Bb5 a6 11. Ba4 b5 12. Bc2 Nh5 13. Bxe7 Qxe7 14. a4 Bg4 15. b4
Nc6 16. h3 Bd7 17. Re1 Nf4 18. Nf1 Qf6 19. Ne3 Ne7 20. d4 Neg6 21. Kh2 a5 22.
axb5 axb4 23. Rxa8 Rxa8 24. cxb4 Rb8 25. Nd5 Nxd5 26. exd5 Bf5 27. dxe5 dxe5
28. Bd3 Bxd3 29. Qxd3 Qf4+ 30. g3 Qxb4 31. Rb1 Qc5 32. Kg2 Rd8 33. Rd1 Ne7 34.
Qe2 f6 35. Qa2 Rd6 36. Qa8+ Kf7 37. Rd2 Qxb5 38. Rc2 Qxd5 39. Qa7 e4 40. Ng1 c6
41. Ne2 e3+ 42. f3 Qd1 43. Qa2+ Kg6 44. Rc1 Qxc1 45. Nxc1 Rd2+ 46. Kf1 Rxa2 47.
Nxa2 Nf5 48. Ke2 Nxg3+ 49. Kxe3 Nf5+ 50. Kf4 Nd6 51. Nb4 c5 52. Nd3 c4 53. Nc5
Kh5 54. Kg3 c3 55. Ne6 Nf5+ 56. Kg2 c2 57. Nf4+ Kh4 58. Ne2 Nd4 59. Nc1 Ne6 0-1

[Event "ECCC 2013"]
[Site "Rhodes"]
[Date "2013.10.25"]
[Round "6"]
[White "Thorfinnsson, Bjorn"]
[Black "Maki, Veijo"]
[Result "1/2-1/2"]
[WhiteElo "2385"]
[BlackElo "2379"]
[PlyCount "81"]
[EventDate "2013.10.20"]
[EventType "team"]
[EventRounds "7"]
[EventCountry "GRE"]
[WhiteTeam "Viking Chess Club"]
[BlackTeam "Tammer-Shakki"]

1. b3 e5 2. Bb2 d6 3. e3 Nf6 4. Nc3 g6 5. d4 Nbd7 6. Nf3 c6 7. dxe5 dxe5 8. Bc4
Qa5 9. a3 b5 10. Be2 Ne4 11. b4 Bxb4 12. axb4 Qxb4 13. O-O Nxc3 14. Bxc3 Qxc3
15. Qd6 a5 16. Ra3 Qxc2 17. Nxe5 Qc5 18. Qxc5 Nxc5 19. Nxc6 a4 20. Bxb5 Ba6 21.
Rb1 O-O 22. Bxa4 Bb7 23. Nd4 Bxg2 24. Kxg2 Rxa4 25. Rxa4 Nxa4 26. h4 h5 27. f4
Nc3 28. Rc1 Ne4 29. f5 Re8 30. fxg6 fxg6 31. Rc6 Kf7 32. Nf3 Re6 33. Rxe6 Kxe6
34. Nd4+ Ke5 35. Kf3 Nd2+ 36. Ke2 Ne4 37. Kf3 Nd2+ 38. Ke2 Ne4 39. Kf3 Nd2+ 40.
Ke2 Ne4 41. Kf3 1/2-1/2

[Event "ECCC 2013"]
[Site "Rhodes"]
[Date "2013.10.25"]
[Round "6"]
[White "Mertanen, Janne"]
[Black "Kjartansson, David"]
[Result "1/2-1/2"]
[WhiteElo "2350"]
[BlackElo "2348"]
[PlyCount "94"]
[EventDate "2013.10.20"]
[EventType "team"]
[EventRounds "7"]
[EventCountry "GRE"]
[WhiteTeam "Tammer-Shakki"]
[BlackTeam "Viking Chess Club"]

1. Nf3 Nf6 2. c4 g6 3. Nc3 Bg7 4. e4 d6 5. d4 O-O 6. Be2 Bg4 7. Be3 Nfd7 8. Ng1
Bxe2 9. Ngxe2 c5 10. O-O Nc6 11. Rc1 a6 12. dxc5 dxc5 13. f4 Qc8 14. e5 Rd8 15.
Qe1 b5 16. Qh4 bxc4 17. Na4 Nd4 18. Nxd4 cxd4 19. Bxd4 Qc6 20. b3 Qe4 21. Rxc4
Rac8 22. Nc3 Qb7 23. Qxe7 Bf8 24. Qh4 Rxc4 25. bxc4 Rc8 26. f5 Rxc4 27. e6 Rxd4
28. exf7+ Kxf7 29. fxg6+ Ke6 30. Re1+ Kf5 31. Qxd4 Bc5 32. Re5+ Nxe5 33. Qxc5
hxg6 34. g4+ Ke6 35. Qe3 Qb4 36. h3 a5 37. a4 Qb2 38. Kf1 Qb4 39. Kg2 Qb2+ 40.
Kg3 Qb4 41. Nb5 Kd5 42. Nc3+ Ke6 43. Qd2 Qc5 44. Ne2 Qa3+ 45. Nc3 Qc5 46. Ne2
Qa3+ 47. Nc3 Qc5 1/2-1/2

[Event "ECCC 2013"]
[Site "Rhodes"]
[Date "2013.10.25"]
[Round "6"]
[White "Sigurjonsson, Stefan Th"]
[Black "Koykka, Pekka"]
[Result "1/2-1/2"]
[WhiteElo "2104"]
[BlackElo "2302"]
[PlyCount "108"]
[EventDate "2013.10.20"]
[EventType "team"]
[EventRounds "7"]
[EventCountry "GRE"]
[WhiteTeam "Viking Chess Club"]
[BlackTeam "Tammer-Shakki"]

1. e4 c5 2. Nf3 d6 3. d4 cxd4 4. Nxd4 Nf6 5. Nc3 a6 6. a4 e6 7. Be2 Be7 8. Be3
O-O 9. O-O e5 10. Nb3 Be6 11. a5 Nbd7 12. h3 Rc8 13. Ba7 Rc6 14. Qd2 Qc7 15.
Qe3 d5 16. exd5 Nxd5 17. Nxd5 Bxd5 18. Bd3 f5 19. Nd4 exd4 20. Qxe7 Rg6 21. f3
Qg3 22. Rf2 Ne5 23. Be2 Nxf3+ 24. Bxf3 Bxf3 25. Ra3 Qxg2+ 26. Rxg2 Rxg2+ 27.
Kf1 Bc6 28. Bxd4 Rg6 29. c4 f4 30. b4 f3 31. Rb3 Re8 32. Qc7 Rg5 33. b5 axb5
34. cxb5 Bd5 35. Rb4 Be6 36. Qxb7 Bxh3+ 37. Kf2 Re2+ 38. Kxf3 Bg2+ 39. Kxe2
Bxb7 40. Ke3 Rg3+ 41. Kf4 Ra3 42. Bb6 Kf7 43. Ke5 g5 44. Kd6 h5 45. Kc7 Bf3 46.
a6 h4 47. Kb8 h3 48. Bc7 Ra2 49. a7 h2 50. Bxh2 Rxh2 51. b6 Ke6 52. b7 Rh8+ 53.
Kc7 Rh7+ 54. Kc8 Rh8+ 1/2-1/2

[Event "ECCC 2013"]
[Site "Rhodes"]
[Date "2013.10.25"]
[Round "6"]
[White "Ahvenjarvi, Jani"]
[Black "Runarsson, Gunnar"]
[Result "1-0"]
[WhiteElo "2241"]
[BlackElo "2074"]
[PlyCount "93"]
[EventDate "2013.10.20"]
[EventType "team"]
[EventRounds "7"]
[EventCountry "GRE"]
[WhiteTeam "Tammer-Shakki"]
[BlackTeam "Viking Chess Club"]

1. e4 c6 2. d4 d5 3. e5 Bf5 4. Nf3 e6 5. Be2 c5 6. Be3 c4 7. c3 Ne7 8. Nbd2
Nec6 9. O-O Be7 10. Ne1 O-O 11. f4 Bg6 12. g4 f5 13. exf6 Bxf6 14. Nef3 Nd7 15.
g5 Be7 16. Nh4 Bd6 17. Nxg6 hxg6 18. Bg4 Qe7 19. Qf3 Rfe8 20. h4 Qf7 21. Qh3
Nf8 22. Nf3 Ne7 23. Rae1 Nf5 24. Bc1 Qc7 25. Ne5 Bxe5 26. Rxe5 Qf7 27. Qh2 Nd7
28. Ree1 b5 29. Rf3 Kf8 30. Rh3 Ke7 31. h5 gxh5 32. Bxh5 g6 33. Bg4 Rg8 34. b3
Kd6 35. bxc4 bxc4 36. Ba3+ Kc6 37. Rh7 Rg7 38. Rxg7 Nxg7 39. f5 e5 40. f6 Ne6
41. dxe5 Ndc5 42. Bxc5 Kxc5 43. Qb2 Rd8 44. Rb1 Nc7 45. Qb4+ Kc6 46. Qa4+ Kc5
47. Qxa7+ 1-0

[Event "ECCC 2013"]
[Site "Rhodes"]
[Date "2013.10.25"]
[Round "6"]
[White "Ingason, Sigurdur"]
[Black "Kytoniemi, Jyrki"]
[Result "1/2-1/2"]
[WhiteElo "1866"]
[BlackElo "2263"]
[PlyCount "81"]
[EventDate "2013.10.20"]
[EventType "team"]
[EventRounds "7"]
[EventCountry "GRE"]
[WhiteTeam "Viking Chess Club"]
[BlackTeam "Tammer-Shakki"]

1. c4 b6 2. Nf3 Bb7 3. g3 Bxf3 4. exf3 c5 5. Nc3 Nc6 6. Bg2 g6 7. d3 Bg7 8. Bd2
Rc8 9. O-O Nf6 10. Bg5 h6 11. Bxf6 Bxf6 12. Qd2 Bg7 13. f4 O-O 14. Rab1 e6 15.
Rfe1 a6 16. a3 a5 17. Red1 Kh7 18. Qe1 Re8 19. Qd2 Qc7 20. Re1 Red8 21. Be4 Nd4
22. Ne2 Nc6 23. Nc3 Qd6 24. Bg2 Nd4 25. Ne2 Nc6 26. Nc3 Qb8 27. Kf1 Qd6 28. Kg1
Nd4 29. Ne2 Nxe2+ 30. Qxe2 Rb8 31. a4 Qd4 32. Qe4 Rbc8 33. Bf3 Rc7 34. Re2 Qd6
35. Qe3 Bd4 36. Qd2 Qf8 37. Rbe1 Qg7 38. Qc2 Qf6 39. Bg2 Kg7 40. Qb3 Rb8 41.
Be4 1/2-1/2

[Event "ECCC 2013"]
[Site "Rhodes"]
[Date "2013.10.25"]
[Round "6"]
[White "Gretarsson, Hjorvar Steinn"]
[Black "Makolli, Perparim"]
[Result "1-0"]
[WhiteElo "2505"]
[BlackElo "2251"]
[PlyCount "79"]
[EventDate "2013.10.20"]
[EventType "team"]
[EventRounds "7"]
[EventCountry "GRE"]
[WhiteTeam "Jutes of Kent"]
[BlackTeam "Expik Kosova"]

1. c4 e6 2. Nc3 d5 3. d4 c6 4. Nf3 f5 5. Bf4 Nf6 6. e3 Be7 7. Qc2 O-O 8. Be2
Ne4 9. h3 Nd7 10. g4 Ndf6 11. g5 Nd7 12. h4 Qa5 13. Nd2 Bb4 14. Rc1 Bd6 15.
Bxd6 Nxd6 16. f4 dxc4 17. Nxc4 Nxc4 18. Bxc4 Nb6 19. Bb3 Nd5 20. Qd2 Qb4 21.
O-O Bd7 22. Rf2 Rad8 23. Nxd5 Qxd2 24. Nf6+ Rxf6 25. Rxd2 Rff8 26. Rc5 Bc8 27.
Re5 Rd6 28. h5 Rf7 29. Kf2 Kf8 30. e4 Ke7 31. Ke3 fxe4 32. Bc2 Kf8 33. Bxe4 h6
34. Rg2 hxg5 35. fxg5 Rf1 36. h6 gxh6 37. gxh6 Rd8 38. h7 Kf7 39. Reg5 Re1+ 40.
Kd3 1-0

[Event "ECCC 2013"]
[Site "Rhodes"]
[Date "2013.10.25"]
[Round "6"]
[White "Budima, Armend"]
[Black "Kirk, Ezra"]
[Result "1-0"]
[WhiteElo "2226"]
[BlackElo "2316"]
[PlyCount "157"]
[EventDate "2013.10.20"]
[EventType "team"]
[EventRounds "7"]
[EventCountry "GRE"]
[WhiteTeam "Expik Kosova"]
[BlackTeam "Jutes of Kent"]

1. e4 c5 2. Nf3 Nc6 3. d4 cxd4 4. Nxd4 g6 5. Nc3 Bg7 6. Nde2 Nf6 7. g3 b5 8.
Bg2 Rb8 9. O-O O-O 10. Nd5 Nxd5 11. exd5 Ne5 12. Bf4 d6 13. h3 Bd7 14. b3 g5
15. Bxg5 Bxh3 16. Nd4 Bd7 17. Qd2 Qb6 18. Rad1 Bg4 19. f3 Bh5 20. Be3 Qc7 21.
Nf5 Bf6 22. Bg5 Qd7 23. Bxf6 Qxf5 24. Bxe5 dxe5 25. g4 Bxg4 26. fxg4 Qxg4 27.
Kh2 Rb6 28. Bh3 Qh4 29. Qf2 Qh6 30. Qg3+ Rg6 31. Qxe5 f6 32. Qf4 Qh5 33. Rd2
Kh8 34. d6 exd6 35. Rg2 Rxg2+ 36. Kxg2 Qg6+ 37. Kh1 Qxc2 38. Qxd6 Qe4+ 39. Bg2
Qh4+ 40. Kg1 Qh6 41. Qe7 a5 42. Rf3 Qc1+ 43. Rf1 Qh6 44. Rf4 Rc8 45. Qxf6+ Qxf6
46. Rxf6 Rc1+ 47. Rf1 Rc2 48. Rf2 Rc5 49. Rd2 Kg7 50. Rd5 Rc1+ 51. Kh2 Ra1 52.
Rd2 Kf6 53. Kg3 Rc1 54. Rd6+ Ke7 55. Ra6 Rc3+ 56. Kh2 a4 57. bxa4 bxa4 58. Rxa4
Rc7 59. Rh4 Kd6 60. a4 Kc5 61. Bf1 Kb6 62. Bb5 Ka7 63. Kg3 Rf7 64. Kg4 Kb6 65.
Kg5 Rc7 66. Kh6 Rc1 67. Kxh7 Rg1 68. Rh6+ Ka7 69. Rg6 Rh1+ 70. Kg7 Rh2 71. Kf7
Rh7+ 72. Ke6 Kb6 73. Kd5+ Ka5 74. Kc6 Rh5 75. Rd6 Rh7 76. Rd7 Rh6+ 77. Kb7 Rg6
78. Rd5 Kb4 79. Bc6 1-0

[Event "ECCC 2013"]
[Site "Rhodes"]
[Date "2013.10.25"]
[Round "6"]
[White "Fejzullahu, Afrim"]
[Black "Harakis, Alexis M"]
[Result "1-0"]
[WhiteElo "2334"]
[BlackElo "2239"]
[PlyCount "53"]
[EventDate "2013.10.20"]
[EventType "team"]
[EventRounds "7"]
[EventCountry "GRE"]
[WhiteTeam "Expik Kosova"]
[BlackTeam "Jutes of Kent"]

1. e4 e6 2. d4 d5 3. Nc3 h6 4. Nf3 Nf6 5. e5 Ne4 6. Bd3 Nxc3 7. bxc3 c5 8. dxc5
Qa5 9. O-O Qxc5 10. Rb1 b6 11. Nd4 Bd7 12. Nb5 Bxb5 13. Bxb5+ Nd7 14. c4 O-O-O
15. Be3 Qc7 16. cxd5 Nxe5 17. c4 Kb8 18. Qe2 exd5 19. c5 d4 20. cxb6 axb6 21.
Bf4 f6 22. a4 g5 23. Bg3 Bc5 24. a5 bxa5 25. Bc6+ Bb4 26. Rxb4+ axb4 27. Qb5+
1-0

[Event "ECCC 2013"]
[Site "Rhodes"]
[Date "2013.10.25"]
[Round "6"]
[White "Rice, Chris B"]
[Black "Ajvazi, Ramadan"]
[Result "0-1"]
[WhiteElo "2033"]
[BlackElo "2152"]
[PlyCount "90"]
[EventDate "2013.10.20"]
[EventType "team"]
[EventRounds "7"]
[EventCountry "GRE"]
[WhiteTeam "Jutes of Kent"]
[BlackTeam "Expik Kosova"]

1. e4 c5 2. f4 Nc6 3. Nf3 g6 4. Bb5 Bg7 5. O-O e6 6. Bxc6 dxc6 7. d3 Ne7 8. Nc3
O-O 9. Qe2 b6 10. Bd2 Ba6 11. Rae1 Qd7 12. b3 Rad8 13. e5 Nf5 14. Ne4 f6 15.
exf6 Bxf6 16. Nxf6+ Rxf6 17. Bc3 Nd4 18. Bxd4 cxd4 19. Ne5 Qd6 20. Ng4 Rff8 21.
Qxe6+ Qxe6 22. Rxe6 Bc8 23. Nh6+ Kg7 24. Rxc6 Kxh6 25. Rc7 Rd7 26. Rxd7 Bxd7
27. g3 Re8 28. Kf2 Bg4 29. Re1 Rc8 30. Rc1 Kg7 31. Ke1 Re8+ 32. Kf1 Kf6 33. c3
Re2 34. h3 Bf3 35. cxd4 Rxa2 36. Rc7 h5 37. d5 Bxd5 38. g4 hxg4 39. hxg4 Bf3
40. g5+ Kf5 41. Rf7+ Kg4 42. Ke1 Re2+ 43. Kf1 Kg3 44. Rxa7 Rd2 45. Ra1 Rh2 0-1

[Event "ECCC 2013"]
[Site "Rhodes"]
[Date "2013.10.25"]
[Round "6"]
[White "Wiedenkeller, Michael"]
[Black "Meylan, Andre"]
[Result "1-0"]
[WhiteElo "2479"]
[BlackElo "2159"]
[PlyCount "85"]
[EventDate "2013.10.20"]
[EventType "team"]
[EventRounds "7"]
[EventCountry "GRE"]
[WhiteTeam "CE De Sprenger Echternach"]
[BlackTeam "Cercle d'Echecs de Monte-Carlo"]

1. c4 Nf6 2. g3 e5 3. Bg2 c6 4. d4 exd4 5. Qxd4 d5 6. Nf3 Be6 7. O-O dxc4 8.
Qxd8+ Kxd8 9. Ng5 Nbd7 10. Rd1 Bc5 11. Nxe6+ fxe6 12. Nd2 Rf8 13. e3 Kc7 14.
Nxc4 Ng4 15. Rf1 Nde5 16. Nxe5 Nxe5 17. Bd2 g6 18. Rac1 Nd3 19. Rc2 Rad8 20. a3
Bb6 21. b4 Ne5 22. Bc3 Nf3+ 23. Bxf3 Rxf3 24. Be5+ Kc8 25. Bf4 e5 26. Bxe5 Rf5
27. Bc3 Rd3 28. Rfc1 Rfd5 29. Kf1 Kd7 30. Ke2 Ke6 31. Rd2 Rxd2+ 32. Bxd2 c5 33.
e4 Re5 34. f3 cxb4 35. axb4 a5 36. bxa5 Bxa5 37. Rb1 Bxd2 38. Rb6+ Kd7 39. Kxd2
Kc7 40. Rf6 Re7 41. h4 Rg7 42. f4 Rd7+ 43. Kc3 1-0

[Event "ECCC 2013"]
[Site "Rhodes"]
[Date "2013.10.25"]
[Round "6"]
[White "Ribbegren, Karl Johan"]
[Black "Gnichtel, Gerd"]
[Result "1-0"]
[WhiteElo "2157"]
[BlackElo "2123"]
[PlyCount "125"]
[EventDate "2013.10.20"]
[EventType "team"]
[EventRounds "7"]
[EventCountry "GRE"]
[WhiteTeam "Cercle d'Echecs de Monte-Carlo"]
[BlackTeam "CE De Sprenger Echternach"]

1. Nf3 Nf6 2. g3 g6 3. Bg2 Bg7 4. O-O O-O 5. d3 c5 6. e4 d6 7. c4 Nc6 8. Nc3 a6
9. Rb1 Rb8 10. a3 Ne8 11. Be3 Nd4 12. Ne2 Bg4 13. Nfxd4 cxd4 14. Bd2 b5 15.
cxb5 axb5 16. h3 Bd7 17. f4 f5 18. Qb3+ Kh8 19. Kh2 fxe4 20. dxe4 Qb6 21. Bb4
Nc7 22. Rfd1 Be6 23. Qf3 Na6 24. Be1 Bc4 25. Nxd4 Nc5 26. Bf2 Qb7 27. b3 Bg8
28. Qe2 e5 29. fxe5 dxe5 30. Nf5 Nxb3 31. Nxg7 Qxg7 32. Qb2 Rbd8 33. Be3 Bc4
34. Qc3 Nd4 35. a4 Ne2 36. Qb4 Rb8 37. Bc5 Rfc8 38. Bf1 Qb7 39. Bg2 Re8 40. Bd6
Rbc8 41. Qb2 Qg7 42. axb5 Nd4 43. b6 Nb5 44. b7 Qxb7 45. Bxe5+ Kg8 46. Bf4 Qf7
47. Rbc1 Nc7 48. Qb4 Be6 49. Qa5 Na8 50. Bd6 Bb3 51. Rf1 Qd7 52. e5 Be6 53.
Rxc8 Qxc8 54. Rf2 Qd8 55. Qb5 Bd7 56. Bd5+ Kh8 57. Qb2 Qb6 58. Qd2 Nc7 59. Bf7
Rc8 60. Bxc7 Rxc7 61. e6 Bxe6 62. Bxe6 Qxe6 63. Qd8+ 1-0

[Event "ECCC 2013"]
[Site "Rhodes"]
[Date "2013.10.25"]
[Round "6"]
[White "Wilger, Frank"]
[Black "Meylan, Pierre"]
[Result "1-0"]
[WhiteElo "2107"]
[BlackElo "2060"]
[PlyCount "45"]
[EventDate "2013.10.20"]
[EventType "team"]
[EventRounds "7"]
[EventCountry "GRE"]
[WhiteTeam "CE De Sprenger Echternach"]
[BlackTeam "Cercle d'Echecs de Monte-Carlo"]

1. d4 Nf6 2. Nf3 c5 3. e3 cxd4 4. exd4 d5 5. Bd3 Nc6 6. O-O g6 7. c3 Bg7 8. Re1
O-O 9. Nbd2 Bf5 10. Bxf5 gxf5 11. Ne5 Ne4 12. Qh5 e6 13. Nxe4 dxe4 14. Re3 Nxe5
15. dxe5 Bxe5 16. Rh3 Re8 17. Qxh7+ Kf8 18. Bh6+ Ke7 19. Bg5+ Bf6 20. Bxf6+
Kxf6 21. Qh4+ Ke5 22. f4+ exf3 23. Re1+ 1-0

[Event "ECCC 2013"]
[Site "Rhodes"]
[Date "2013.10.25"]
[Round "6"]
[White "Iclicki, Willy"]
[Black "Oberweis, Paul"]
[Result "0-1"]
[WhiteElo "1999"]
[BlackElo "2052"]
[PlyCount "86"]
[EventDate "2013.10.20"]
[EventType "team"]
[EventRounds "7"]
[EventCountry "GRE"]
[WhiteTeam "Cercle d'Echecs de Monte-Carlo"]
[BlackTeam "CE De Sprenger Echternach"]

1. d4 Nf6 2. c4 g6 3. Nc3 Bg7 4. e4 d6 5. f4 O-O 6. Nf3 c5 7. d5 e6 8. Be2 exd5
9. cxd5 Re8 10. e5 dxe5 11. fxe5 Ng4 12. e6 fxe6 13. d6 Bd7 14. Ng5 Nh6 15. O-O
Na6 16. Nge4 Rf8 17. Bg5 Rxf1+ 18. Qxf1 Qf8 19. Bxh6 Bd4+ 20. Kh1 Qxh6 21. Nf6+
Bxf6 22. Qxf6 Rf8 23. Qe7 Rf7 24. Qd8+ Qf8 25. Qxf8+ Kxf8 26. Bxa6 bxa6 27. Kg1
Bc6 28. Re1 Ke8 29. Re5 Kd7 30. Rxc5 Rf5 31. Rc4 Kxd6 32. h4 Bb5 33. Rd4+ Ke7
34. Rd2 Rf4 35. g3 Rc4 36. Kf2 Bc6 37. Ke3 Rg4 38. Kf2 Rb4 39. a3 Rb8 40. Kg1
Rf8 41. Kh2 Rf1 42. Kh3 h5 43. g4 Rh1+ 0-1

[Event "ECCC 2013"]
[Site "Rhodes"]
[Date "2013.10.25"]
[Round "6"]
[White "Drzasga, Michael"]
[Black "Rapaire, Jean-Michel"]
[Result "1/2-1/2"]
[WhiteElo "2019"]
[BlackElo "1865"]
[PlyCount "81"]
[EventDate "2013.10.20"]
[EventType "team"]
[EventRounds "7"]
[EventCountry "GRE"]
[WhiteTeam "CE De Sprenger Echternach"]
[BlackTeam "Cercle d'Echecs de Monte-Carlo"]

1. e4 d5 2. exd5 Qxd5 3. Nc3 Qa5 4. b4 Qb6 5. a3 c6 6. Bc4 Nf6 7. Nf3 e6 8. Qe2
Be7 9. O-O O-O 10. Ne5 Nbd7 11. Nxf7 Kxf7 12. Bxe6+ Ke8 13. Bb2 Qc7 14. Na4 b5
15. Nc3 Nb6 16. Bb3 Kd8 17. a4 bxa4 18. Nxa4 Bxb4 19. Be5 Qb7 20. Nxb6 axb6 21.
Qd3+ Bd7 22. Rxa8+ Qxa8 23. Qg3 Re8 24. Bc7+ Kc8 25. Bxb6 Qb8 26. Qxg7 Qxb6 27.
Qxf6 Bxd2 28. Qf7 h6 29. h3 Qd4 30. Qf3 Kc7 31. Qg3+ Qf4 32. Qd3 Re1 33. g3
Rxf1+ 34. Kxf1 Bxh3+ 35. Ke2 Bg4+ 36. f3 Qxf3+ 37. Qxf3 Bxf3+ 38. Kxf3 Kd6 39.
Bf7 Ke5 40. Bg6 Bc1 41. Bd3 1/2-1/2

[Event "ECCC 2013"]
[Site "Rhodes"]
[Date "2013.10.25"]
[Round "6"]
[White "Sreeves, Clement"]
[Black "Sanduleac, Vasile"]
[Result "1/2-1/2"]
[WhiteElo "2233"]
[BlackElo "2423"]
[PlyCount "129"]
[EventDate "2013.10.20"]
[EventType "team"]
[EventRounds "7"]
[EventCountry "GRE"]
[WhiteTeam "Edinburgh Chess Club"]
[BlackTeam "Adare"]

1. c4 d6 2. g3 e5 3. Bg2 f5 4. Nc3 Nf6 5. d3 Be7 6. e4 Nc6 7. Nge2 O-O 8. O-O
Be6 9. Nd5 Qd7 10. Nxe7+ Qxe7 11. exf5 Bxf5 12. h3 Nb4 13. g4 Bxd3 14. a3 Bxe2
15. Qxe2 Nc6 16. Be3 Rae8 17. b4 Kh8 18. Rae1 Qf7 19. f4 exf4 20. Rxf4 Re5 21.
Qf2 Qe7 22. b5 Nd8 23. Bd2 Rxe1+ 24. Bxe1 Ne6 25. Rf5 Nc5 26. Bc3 b6 27. Bc6
Nfd7 28. Rxf8+ Qxf8 29. Qe3 Qd8 30. h4 Ne5 31. Bxe5 dxe5 32. Qxe5 Qd1+ 33. Kh2
Qd6 34. Qxd6 cxd6 35. Bd5 g6 36. g5 Kg7 37. Kg3 h6 38. Kf4 Nd3+ 39. Ke3 Nc5 40.
gxh6+ Kxh6 41. Bf3 g5 42. hxg5+ Kxg5 43. Kd4 Kf6 44. Kd5 Ke7 45. Kc6 Kd8 46.
Bg4 Ke7 47. Kc7 Na4 48. Kb7 d5 49. cxd5 Kd6 50. Kxa7 Kc5 51. d6 Kxd6 52. Bd1
Nb2 53. Kxb6 Nxd1 54. Ka6 Nc3 55. b6 Na4 56. b7 Nc5+ 57. Ka7 Nxb7 58. Kxb7 Kc5
59. Ka6 Kc6 60. a4 Kc7 61. Kb5 Kb7 62. a5 Ka7 63. a6 Kb8 64. Kb6 Ka8 65. a7
1/2-1/2

[Event "ECCC 2013"]
[Site "Rhodes"]
[Date "2013.10.25"]
[Round "6"]
[White "Fox, Anthony"]
[Black "Macqueen, Calum"]
[Result "0-1"]
[WhiteElo "2086"]
[BlackElo "2236"]
[PlyCount "94"]
[EventDate "2013.10.20"]
[EventType "team"]
[EventRounds "7"]
[EventCountry "GRE"]
[WhiteTeam "Adare"]
[BlackTeam "Edinburgh Chess Club"]

1. e4 c5 2. Nf3 Nc6 3. Bb5 e6 4. Bxc6 bxc6 5. d3 Ne7 6. O-O d5 7. Nc3 Ng6 8.
Qe2 Be7 9. b3 O-O 10. Na4 Qa5 11. c4 dxc4 12. dxc4 e5 13. Bd2 Qc7 14. h3 f5 15.
Nc3 Be6 16. Rad1 h6 17. Bc1 Rf7 18. exf5 Rxf5 19. Ne4 Raf8 20. Ne1 Nh4 21. Rd3
R5f7 22. Rc3 Nf5 23. Nc2 Nd4 24. Nxd4 cxd4 25. Rd3 Bf5 26. Bd2 c5 27. f3 Qc6
28. Rd1 g5 29. Bc1 Qg6 30. R3d2 h5 31. Nf2 g4 32. hxg4 hxg4 33. fxg4 Bd7 34.
Qe4 Qxe4 35. Nxe4 Rf4 36. Re1 Bc6 37. Rde2 Rxg4 38. a3 Bh4 39. g3 Rf3 40. Kh2
Rgxg3 41. Nxg3 Bxg3+ 42. Kg1 Bxe1 43. Rxe1 e4 44. b4 e3 45. bxc5 Rh3 46. Kf1
Rh1+ 47. Ke2 d3+ 0-1

[Event "ECCC 2013"]
[Site "Rhodes"]
[Date "2013.10.25"]
[Round "6"]
[White "Berry, Neil"]
[Black "Thee, Bernd"]
[Result "1-0"]
[WhiteElo "2254"]
[BlackElo "2098"]
[PlyCount "67"]
[EventDate "2013.10.20"]
[EventType "team"]
[EventRounds "7"]
[EventCountry "GRE"]
[WhiteTeam "Edinburgh Chess Club"]
[BlackTeam "Adare"]

1. d4 d5 2. c4 Bf5 3. Nf3 e6 4. Nc3 c6 5. Qb3 Qb6 6. c5 Qc7 7. Bf4 Qc8 8. Nh4
Nf6 9. Nxf5 exf5 10. h3 Be7 11. e3 Nbd7 12. Bd3 g6 13. O-O O-O 14. Qc2 Kg7 15.
b4 b6 16. a3 bxc5 17. bxc5 Bd8 18. Qa4 Nb8 19. Bxb8 Rxb8 20. Rab1 Rxb1 21. Rxb1
a5 22. Qb3 Qd7 23. Qb7 Bc7 24. Qa6 Re8 25. Bc2 f4 26. exf4 Nh5 27. Ba4 Qf5 28.
Qxc6 Nxf4 29. Qxe8 Nxh3+ 30. gxh3 Qxh3 31. Qd7 Bh2+ 32. Kh1 Qh4 33. Kg2 Bf4 34.
Qh3 1-0

[Event "ECCC 2013"]
[Site "Rhodes"]
[Date "2013.10.25"]
[Round "6"]
[White "O`donoghue, Denis J"]
[Black "Oswald, David C"]
[Result "0-1"]
[WhiteElo "1981"]
[BlackElo "2073"]
[PlyCount "108"]
[EventDate "2013.10.20"]
[EventType "team"]
[EventRounds "7"]
[EventCountry "GRE"]
[WhiteTeam "Adare"]
[BlackTeam "Edinburgh Chess Club"]

1. d4 Nf6 2. c4 c5 3. d5 b5 4. cxb5 a6 5. bxa6 g6 6. Nc3 Bxa6 7. Nf3 Bg7 8. g3
d6 9. Bg2 Nbd7 10. Rb1 O-O 11. O-O Qa5 12. Qc2 Nb6 13. Rd1 Nfd7 14. e4 Nc4 15.
Na4 Bb5 16. Nc3 Ba6 17. Na4 Rfb8 18. b3 Bb5 19. Bf1 Nce5 20. Nxe5 Nxe5 21. Bxb5
Qxb5 22. Be3 Nf3+ 23. Kg2 Nd4 24. Bxd4 Bxd4 25. Rbc1 Qb7 26. f3 Bf6 27. Rd2 Qb4
28. Re2 Qa5 29. Nc3 Rb4 30. Nd1 Bd4 31. Nf2 Rb7 32. Ng4 h5 33. Nf2 Rba7 34. Qc4
Qb6 35. Rcc2 Ra3 36. Nd3 Qa7 37. h3 Qd7 38. Nc1 h4 39. g4 g5 40. Nd3 R8a5 41.
f4 gxf4 42. e5 Kf8 43. Kf3 Qa7 44. exd6 exd6 45. Nxf4 Rxa2 46. Ng2 Ra1 47. Nxh4
Rf1+ 48. Kg2 Rg1+ 49. Kh2 Raa1 50. Nf3 Rh1+ 51. Kg2 Rag1+ 52. Nxg1 Rxg1+ 53.
Kh2 Qa1 54. Red2 Rh1+ 0-1